Tutti Frutti (a Game of Answers by Letters in Categories) - Statistics

General Stats
  • This quiz has been taken 115 times
    108 since last reset
  • The average score is 23 of 48
Answer Stats
Answer % Correct
R country Rep. of the Congo, Romania, Russia, Rwanda
99%
H country Haiti, Honduras, Hungary
87%
A country Afghanistan, Albania, Algeria, Andorra, Angola, Antigua and Barbuda, Argentina, Armenia, Australia, Austria, Azerbaijan
86%
G country Gabon, Gambia, Germany, Georgia, Ghana, Greece, Grenada, Guatemala, Guinea, Guinea-Bissau, Guyana
86%
L country Laos, Latvia, Lebanon, Lesotho, Liberia, Libya, Liechtenstein, Lithuania, Luxembourg
85%
F country Fiji, Finland, France
84%
K country Kazakhstan, Kenya, Kiribati, Kosovo, Kuwait, Kyrgyzstan
84%
R US President Ronald Reagan, Franklin D. Roosevelt, Theodore Roosevelt
84%
R capital city Rabat, Reykjavik, Riga, Riyadh, Rome, Roseau
82%
H chemical element hafnium, hassium, helium, holmium, hydrogen
81%
O country Oman
77%
L capital city La Paz, Libreville, Lilongwe, Lima, Lisbon, Ljubljana, Lomé, London, Luanda, Lusaka, Luxembourg
76%
L chemical element lanthanum, lawrenium, lead, lithium, livermorium, lutetium
70%
O chemical element oganesson, osmium, oxygen
64%
L US President Abraham Lincoln
63%
A capital city Abu Dhabi, Abuja, Accra, Addis Ababa, Algiers, Amman, Amsterdam, Andorra la Vella, Ankara, Antananarivo, Apia, Ashgabat, Asunción, Astana, Athens
60%
A chemical element Aluminium, Americium, Antimony, Argon, Arsenic, Astatine
60%
O US President Barack Obama
60%
R chemical element radium, radon, rhenium, rhodium, roentgenium, ruthenium, rutherfordium
58%
G chemical element gadolinium, gallium, germanium, gold
56%
K US President John F. Kennedy
56%
K capital city Kabul, Kampala, Kathmandu, Khartoum, Kiev, Kigali, Kingston, Kingstown, Kinshasa, Kuala Lumpur, Kuwait City
53%
O capital city Oslo, Ottawa, Ouagadougou
53%
H capital city Hanoi, Havana, Harare, Helsinki, Honiara
51%
H US President Warren Harding, Benjamin Harrison, William Henry Harrison, Rutherford B. Hayes, Herbert Hoover
49%
F chemical element Fermium, Flerovium, Fluorine, Francium
48%
A US President John Adams, John Quincy Adams, Chester A. Arthur
45%
K Scientific unit katal (kat), kelvin (K), kilo- (k-), kilogram (kg)
45%
H Oscar Best actor/actress Gene Hackman, Tom Hanks, Rex Harrison, Olivia de Havilland, Helen Hayes, Susan Hayward, Audrey Hepburn, Katharine Hepburn, Charlton Heston, Dustin Hoffman, Philip Seymour Hoffman, William Holden, Judy Holliday, Anthony Hopkins, Helen Hunt, Holly Hunter, William Hurt
44%
G US President James Garfield, Ulysses S. Grant
37%
F US President Millard Fillmore, Gerald R. Ford
37%
K chemical element Krypton
36%
G capital city Gaborone, Georgetown, Guatemala City
29%
H Scientific unit hecto- (h-), henry (H), hertz (Hz)
27%
L Scientific unit lumen (lm), lux (lx)
26%
G Scientific unit giga- (G-), gray (Gy)
23%
A Scientific unit ampere (A), atto- (a-)
22%
O Scientific unit ohm (Ω)
22%
L Oscar Best actor/actress Burt Lancaster, Jessica Lange, Brie Larson, Charles Laughton, Jennifer Lawrence, Vivien Leigh, Jack Lemmon, Sophia Loren, Paul Lukas
20%
F capital city Freetown, Funafuti
20%
R Oscar Best actor/actress Luise Rainer, Eddie Redmayne, Julia Roberts, Cliff Robertson, Ginger Rogers, Geoffrey Rush
19%
F Oscar Best actor/actress José Ferrer, Sally Field, Peter Finch, Colin Firth, Louise Fletcher, Henry Fonda, Jane Fonda, Joan Fontaine, Jodie Foster, Jamie Foxx
10%
K Oscar Best actor/actress Diane Keaton, Grace Kelly, Nicole Kidman, Ben Kingsley
9%
F Scientific unit farad (F), femto- (f-)
9%
A Oscar Best actor/actress F. Murray Abraham, Casey Affleck, Julie Andrews, George Arliss
9%
R Scientific unit radian (rad)
3%
G Oscar Best actor/actress Clark Gable, Greer Garson, Janet Gaynor, Alec Guinness
2%
O Oscar Best actor/actress Gary Oldman, Laurence Olivier
2%
No matching quizzes found
Score Distribution
Percent of People with Each Score
Percentile by Number Answered
Your Score History
You have not taken this quiz since the last reset